000 00459nam a22001217a 4500
008 230619b xxu||||| |||| 00| 0 eng d
020 _a978-9966-008-99-2
082 _a332
_bCHI 2009
245 _aResource Mobilization for Sustainability :
_bProceedings of the International Conference on Resource Mobilization
_cJohn Chikati and Jenepher Barasa (editors)
260 _aNairobi, Kenya
_bREPARED Publishing Department
_c2009
300 _avi,176p
942 _2ddc
_cBK
999 _c1356
_d1356